| 000 | 00000nam##2200000za#4500 |
| 001 | 9.699383 |
| 003 | CaOODSP |
| 005 | 20210625000345 |
| 007 | cr ||||||||||| |
| 008 | 150407|1985||||xxc|||||o f|0| 0 eng|d |
| 040 | |aCaOODSP|beng |
| 043 | |an-cn--- |
| 086 | 1 |aA53-1685/1985E-PDF |
| 110 | 1 |aCanada.|bAgriculture Canada.|bResearch Branch. |
| 245 | 10|aHome lawns / |h[electronic resource]|c[by] W.E. Cordukes. |
| 260 | |aOttawa - Ontario : |bAgriculture Canada. |c1979, reprinted 1985. |
| 300 | |a36p.|bfig., tables, photographs |
| 500 | |aHistorical publication digitized by Agriculture and Agri-Food Canada. -- "This publication replaces Lawns, Publication 1163."--p. 3 of 36. |
| 590 | |a14-11-Supp|b2014-05-21 |
| 690 | 07|aGardening|2gcpds |
| 690 | 07|aHorticulture|2gcpds |
| 775 | 08|tPelouses privées / |w(CaOODSP)9.643373 |
| 856 | 40|ahttp://publications.gc.ca|qPDF|s3 MB|uhttps://publications.gc.ca/collections/collection_2014/aac-aafc/agrhist/A53-1685-1985-eng.pdf |
| 986 | |a1685E |